Ciudadano (Record no. 663)

MARC details
000 -LEADER
campo de control de longitud fija 01079nas a2200301 i 4500
001 - NÚMERO DE CONTROL
campo de control 663
003 - IDENTIFICADOR DE NÚMERO DE CONTROL
campo de control ES-MaACL
005 - FECHA Y HORA DE LA ÚLTIMA TRANSACCIÓN
campo de control 20250416161302.0
007 - CAMPO FIJO DE DESCRIPCIÓN FÍSICA--INFORMACIÓN GENERAL
campo de control de longitud fija t|
008 - DATOS DE LONGITUD FIJA--INFORMACIÓN GENERAL
campo de control de longitud fija 950801c1973 sp | | 1 ||pa d
022 ## - NÚMERO INTERNACIONAL NORMALIZADO PARA PUBLICACIONES SERIADAS
Número Internacional Normalizado para Publicaciones Seriadas 0212-4114
080 ## - NÚMERO DE LA CLASIFICACIÓN DECIMAL UNIVERSAL
Número de la Clasificación Decimal Universal 366.5
245 00 - MENCIÓN DEL TÍTULO
Título Ciudadano
Resto del título : revista de información al consumidor /
Mención de responsabilidad, etc. [dir. Heriberto Quesada].
260 ## - PUBLICACIÓN, DISTRIBUCIÓN, ETC.
Lugar de publicación, distribución, etc. Madrid :
Nombre del editor, distribuidor, etc. Ciudadano,
Fecha de publicación, distribución, etc. 1973-
300 ## - DESCRIPCIÓN FÍSICA
Extensión 6 v. :
Otras características físicas grab. ;
Dimensiones 29 cm.
310 ## - PERIODICIDAD ACTUAL
Periodicidad actual Mensual
321 ## - PERIODICIDAD ANTERIOR
Periodicidad anterior Mensual,
Fechas de la periodicidad anterior 1973-feb. 1975
321 ## - PERIODICIDAD ANTERIOR
Periodicidad anterior Quincenal,
Fechas de la periodicidad anterior mar.-sep. 1975
362 0# - FECHAS DE PUBLICACIÓN Y/O DESIGNACIÓN SECUENCIAL
Fecha de publicación y/o designación secuencial N. 1 (oct. 1973)-
650 14 - PUNTO DE ACCESO ADICIONAL DE MATERIA--TÉRMINO DE MATERIA
Término de materia o nombre geográfico como elemento de entrada Revistas de información general.
9 (RLIN) 16896
650 #4 - PUNTO DE ACCESO ADICIONAL DE MATERIA--TÉRMINO DE MATERIA
Término de materia o nombre geográfico como elemento de entrada Consumidores-
Subdivisión general Protección.
9 (RLIN) 162518
655 #7 - TERMINO DE INDIZACIÓN--GENERO/FORMA
Fuente del término tgfbne
9 (RLIN) 226866
Datos o término principal de género/forma Revistas
700 1# - ENTRADA AGREGADA--NOMBRE PERSONAL
Nombre de persona Quesada, Heriberto,
9 (RLIN) 227499
852 ## - LOCALIZACIÓN
Ubicación ES-MaACL
Número de control de estantería HEM-H-277
Signatura antigua Olim: HEM-1477
itemnumber 682
Ubicación en estantería Hemeroteca
Nota libre Expurgada marzo 2025: posterior 1958; sin encuadernar; muy incompleta; completa colección de BNE; 33 localizaciones en Rebiun
866 #0 - MENCIÓN TEXTUAL DE FONDOS--UNIDAD BIBLIOGRÁFICA BÁSICA
Fondos (1975f.n.28)1976-77(1978f.n.79)1979(1980f.n.95y100).
942 ## - ELEMENTOS DE ENTRADA SECUNDARIOS (KOHA)
Fuente del sistema de clasificación o colocación Clasificación decimal universal
Holdings
Estatus retirado Estado de pérdida Fuente del sistema de clasificación o colocación Estado de daño No para préstamo Colección Biblioteca de origen Biblioteca actual Ubicación en estantería Fecha de adquisición Total de préstamos Signatura topográfica completa Código de barras Visto por última vez Precio de reemplazo Tipo de ítem Koha
Expurgado   Clasificación decimal universal     Periódicos y Revistas Biblioteca del Ateneo de Madrid Biblioteca del Ateneo de Madrid Hemeroteca 17/01/2008   HEM-H-277 1000676 23/02/2023 23/02/2023 Revista